[Event "Banff op"]
[Site "Banff CAN"]
[Date "2023.11.12"]
[Round "6.15"]
[White "Montalti, Gianluca"]
[Black "Harms, Reece"]
[Result "0-1"]
[WhiteElo "1740"]
[BlackElo "1833"]
[PlyCount "98"]
[EventDate "2023.11.10"]
[EventType "swiss"]
[EventRounds "6"]
[EventCountry "CAN"]

1. e4 e5 2. Nf3 Nc6 3. d4 exd4 4. Nxd4 Bb4+ 5. c3 Be7 6. Bc4 d6 7. Nxc6 bxc6 8.
Qb3 Nf6 9. Bxf7+ Kf8 10. O-O d5 11. e5 Kxf7 12. exf6 gxf6 13. Be3 Bf5 14. Qa4
Qd7 15. Nd2 Rag8 16. f3 Bh3 17. Rf2 Bxg2 18. Rxg2 Qh3 19. Rxg8 Rxg8+ 20. Kf2
Rg2+ 21. Ke1 Qxh2 22. Qa6 Qe5 23. Qd3 Bc5 24. Nf1 h5 25. Kd1 Bxe3 26. Nxe3 Rg1+
27. Nf1 Qh2 28. Qe2 Qh1 29. Ke1 h4 30. Rd1 Qh3 31. Rd4 c5 32. Rg4 Rxg4 33. fxg4
Qh1 34. Kd2 h3 35. Qf2 Qg2 36. Qe2 Kg6 37. Nh2 Kg5 38. Ke1 Qxe2+ 39. Kxe2 Kf4
40. Kf2 d4 41. cxd4 cxd4 42. b4 d3 43. b5 d2 44. Ke2 Kg3 45. Nf1+ Kg2 46. Ne3+
Kg1 47. Nf5 h2 48. Ng3 Kg2 49. Nh1 Kxh1 0-1

[Event "Banff op"]
[Site "Banff CAN"]
[Date "2023.11.12"]
[Round "6.18"]
[White "Bresler, Joshua"]
[Black "Xu, Joey"]
[Result "0-1"]
[WhiteElo "1609"]
[BlackElo "1800"]
[PlyCount "84"]
[EventDate "2023.11.10"]
[EventType "swiss"]
[EventRounds "6"]
[EventCountry "CAN"]

1. d4 Nf6 2. Nf3 g6 3. g3 Bg7 4. Bg2 d6 5. b3 O-O 6. c4 c5 7. Bb2 Nc6 8. d5 Nb4
9. a3 Na6 10. Nbd2 Rb8 11. O-O b5 12. Qc2 bxc4 13. Qxc4 Nc7 14. Ng5 h6 15. Nh3
Bxh3 16. Bxh3 Nfxd5 17. Bxg7 Kxg7 18. Bg2 e6 19. e4 Nf6 20. Rfd1 Qe7 21. Qa4
Nb5 22. Rac1 Nd4 23. Re1 Nd7 24. b4 Nb6 25. Qa6 Rfc8 26. Kf1 e5 27. Nb1 cxb4
28. axb4 Rc7 29. Nc3 Rbc8 30. Bh3 Ne6 31. Qa3 Qg5 32. Kg1 Nc4 33. Qa6 Nd2 34.
Bg2 Rxc3 35. Rxc3 Rxc3 36. Qxa7 Nd4 37. Ra1 N2f3+ 38. Bxf3 Nxf3+ 39. Kg2 Nd4
40. Rb1 Qg4 41. Rb2 Qxe4+ 42. Kh3 Nf3 0-1

[Event "Banff op U2000"]
[Site "Banff CAN"]
[Date "2023.11.10"]
[Round "1.21"]
[White "Gonzales, Joel"]
[Black "Burrows, Quinton"]
[Result "1-0"]
[WhiteElo "1905"]
[BlackElo "1603"]
[PlyCount "55"]
[EventDate "2023.11.10"]
[EventType "swiss"]
[EventRounds "6"]
[EventCountry "CAN"]

1. e4 e5 2. Nf3 Nc6 3. Bc4 h6 4. d4 Qf6 5. c3 exd4 6. cxd4 Bb4+ 7. Nc3 d6 8.
Qd3 Bg4 9. Bb5 Rd8 10. O-O Bxf3 11. Nd5 Qg6 12. Qxf3 Ba5 13. b4 a6 14. bxa5
axb5 15. Nxc7+ Ke7 16. Nxb5 Nf6 17. Ba3 Nxe4 18. Rfe1 f5 19. Qf4 Kf7 20. Rxe4
Kg8 21. Re3 Qf6 22. Rae1 g5 23. Qf3 Rh7 24. Re6 Qf7 25. Qe3 Rd7 26. Bxd6 Kg7
27. d5 Nxa5 28. Qc3+ 1-0

[Event "Banff op U2000"]
[Site "Banff CAN"]
[Date "2023.11.10"]
[Round "1.22"]
[White "Tran, Tri"]
[Black "Cooper, James Ross"]
[Result "1/2-1/2"]
[WhiteElo "1594"]
[BlackElo "1901"]
[PlyCount "41"]
[EventDate "2023.11.10"]
[EventType "swiss"]
[EventRounds "6"]
[EventCountry "CAN"]

1. d4 d5 2. c4 c6 3. Nf3 Nf6 4. g3 dxc4 5. Bg2 b5 6. Ne5 Bb7 7. b3 cxb3 8. axb3
e6 9. O-O Be7 10. Nc3 a6 11. Qd3 O-O 12. Be3 Qc7 13. Ne4 Nbd7 14. Nxd7 Qxd7 15.
Rfc1 Rfd8 16. Nc5 Bxc5 17. Rxc5 Rac8 18. Qc2 Nd5 19. Bd2 h6 20. Ba5 Re8 21. Rd1
1/2-1/2

[Event "Banff op U2000"]
[Site "Banff CAN"]
[Date "2023.11.10"]
[Round "1.23"]
[White "Zeggelaar, Mike"]
[Black "Hogg, Daniel"]
[Result "1-0"]
[WhiteElo "1846"]
[BlackElo "1573"]
[PlyCount "71"]
[EventDate "2023.11.10"]
[EventType "swiss"]
[EventRounds "6"]
[EventCountry "CAN"]

1. e4 c5 2. Nf3 d6 3. g3 Nc6 4. Bg2 e5 5. d3 Be7 6. O-O Nf6 7. c3 Bg4 8. h3
Bxf3 9. Qxf3 O-O 10. Be3 Rb8 11. Nd2 a6 12. Qe2 d5 13. f4 d4 14. Bf2 Nd7 15.
Nf3 exf4 16. gxf4 Nf6 17. cxd4 cxd4 18. Nd2 Ne8 19. e5 Bc5 20. Rfc1 Qb6 21. Nb3
Be7 22. Rc4 Rd8 23. Bxc6 bxc6 24. Rxd4 Rxd4 25. Nxd4 c5 26. Nf5 Qg6+ 27. Qg4
Qe6 28. Nxe7+ Qxe7 29. Rc1 f5 30. Qg2 Qd8 31. Qf3 Nc7 32. Bxc5 Rf7 33. Bb6 Qb8
34. Bxc7 Rxc7 35. Qd5+ Kf8 36. Qd6+ 1-0

[Event "Banff op U2000"]
[Site "Banff CAN"]
[Date "2023.11.10"]
[Round "1.24"]
[White "Dunn, Garth"]
[Black "Iomdina, Bella"]
[Result "0-1"]
[WhiteElo "1571"]
[BlackElo "1814"]
[PlyCount "130"]
[EventDate "2023.11.10"]
[EventType "swiss"]
[EventRounds "6"]
[EventCountry "CAN"]

1. e4 e6 2. Nf3 Nc6 3. d4 d5 4. exd5 exd5 5. Be2 Bg4 6. O-O Qd7 7. a3 Nf6 8.
Re1 O-O-O 9. b4 Bd6 10. Nbd2 Rhe8 11. Bb2 Ne4 12. Nf1 f5 13. Qd3 g5 14. Ne5
Bxe2 15. Rxe2 Bxe5 16. dxe5 g4 17. Bd4 f4 18. c3 f3 19. Rb2 fxg2 20. Ng3 Nxe5
21. Bxe5 Rxe5 22. Qd4 Ng5 23. Qxa7 Qc6 24. Qc5 Qxc5 25. bxc5 Nh3+ 26. Kxg2 Nf4+
27. Kf1 Nd3 28. Re2 Rxe2 29. Nxe2 Rf8 30. Rd1 Rxf2+ 31. Kg1 Rxe2 32. Rxd3 c6
33. h3 Re4 34. hxg4 Rxg4+ 35. Kf2 Rc4 36. Rh3 Rxc5 37. Ke2 Ra5 38. Rxh7 Rxa3
39. Kd2 Kb8 40. Kc2 Ka7 41. Kb2 Ra5 42. Rh4 Kb6 43. c4 dxc4 44. Rxc4 Rb5+ 45.
Ka3 Rh5 46. Rb4+ Kc7 47. Rg4 b5 48. Kb4 Kb6 49. Rg8 Rh4+ 50. Kb3 Rh5 51. Rg4
Rh3+ 52. Kb2 c5 53. Rf4 b4 54. Rf8 Kb5 55. Rb8+ Kc4 56. Rc8 Rh2+ 57. Kc1 Kd4
58. Rd8+ Kc3 59. Rd1 c4 60. Rg1 Kb3 61. Kb1 c3 62. Rc1 Rb2+ 63. Ka1 Ra2+ 64.
Kb1 c2+ 65. Rxc2 Rxc2 0-1

[Event "Banff op U2000"]
[Site "Banff CAN"]
[Date "2023.11.10"]
[Round "1.25"]
[White "Bin Shoeb, Mashad"]
[Black "Flavin, Finnegan"]
[Result "1-0"]
[WhiteElo "1781"]
[BlackElo "1550"]
[PlyCount "103"]
[EventDate "2023.11.10"]
[EventType "swiss"]
[EventRounds "6"]
[EventCountry "CAN"]

1. e4 e5 2. Nf3 Nf6 3. Nxe5 d6 4. Nf3 Nxe4 5. d4 d5 6. Bd3 Bd6 7. O-O O-O 8. c4
c6 9. Nc3 Nxc3 10. bxc3 dxc4 11. Bxc4 Bf5 12. Qb3 b5 13. Be2 Nd7 14. d5 Nc5 15.
Qd1 Ne4 16. Bb2 Be5 17. dxc6 Qb6 18. Nd4 Rad8 19. Bg4 Nxc3 20. Bxc3 Bxd4 21.
Bxd4 Rxd4 22. Qxd4 Qxd4 23. Bxf5 Qe5 24. Bd7 a5 25. Rfe1 Qc7 26. a3 g6 27. Rab1
Rb8 28. Rb2 Kg7 29. Reb1 Qd6 30. g3 b4 31. axb4 axb4 32. Rc1 Qc7 33. Rc4 b3 34.
Rc3 Qa5 35. Rcxb3 Qe1+ 36. Kg2 Qe4+ 37. Kh3 Rxb3 38. Rxb3 f5 39. c7 g5 40. c8=Q
g4+ 41. Kh4 Qe7+ 42. Kh5 Qf7+ 43. Kg5 Qxb3 44. Bxf5 h6+ 45. Kxg4 Qd1+ 46. f3
Qd4+ 47. Kh3 Qf6 48. Qd7+ Kf8 49. Qe6 Qg5 50. Qg6 Qc1 51. Qf6+ Ke8 52. Be6 1-0

[Event "Banff op U2000"]
[Site "Banff CAN"]
[Date "2023.11.10"]
[Round "1.27"]
[White "Nagarajan, Prabhat"]
[Black "Szulski, Adam"]
[Result "1-0"]
[WhiteElo "1765"]
[BlackElo "1513"]
[PlyCount "101"]
[EventDate "2023.11.10"]
[EventType "swiss"]
[EventRounds "6"]
[EventCountry "CAN"]

1. d4 Nf6 2. Nf3 e6 3. c4 b6 4. g3 Bb7 5. Bg2 d5 6. cxd5 exd5 7. O-O Nbd7 8.
Nc3 Be7 9. Qb3 c6 10. a4 a5 11. Bf4 Nh5 12. Be3 O-O 13. Ne5 Nxe5 14. dxe5 g6
15. Bxb6 Qd7 16. Rfd1 Ba6 17. Qc2 Rfb8 18. Be3 Bc4 19. Rd2 Rb3 20. Nxd5 cxd5
21. Qxc4 Rxb2 22. Qxd5 Qxd5 23. Rxd5 Rxe2 24. e6 Nf6 25. exf7+ Kxf7 26. Rd2
Rxd2 27. Bxd2 Ra7 28. Be3 Rd7 29. Bf3 Bb4 30. Rd1 Rxd1+ 31. Bxd1 Ne4 32. Bb3+
Kg7 33. Bd4+ Kh6 34. Bd5 Bc3 35. Be3+ Ng5 36. h4 Kh5 37. Bxg5 Kg4 38. Be4 Kh3
39. Bf3 Be5 40. Bd2 Bc7 41. Kf1 Bb6 42. Ke2 Kh2 43. h5 gxh5 44. Bxh5 Kh3 45.
Bf3 Kh2 46. Be4 h5 47. Bg6 h4 48. gxh4 Kh3 49. h5 Kg2 50. Be3 Bd8 51. h6 1-0

[Event "Banff op U2000"]
[Site "Banff CAN"]
[Date "2023.11.10"]
[Round "1.28"]
[White "Wang, Lucas"]
[Black "Gashgarian, Rob"]
[Result "0-1"]
[WhiteElo "1509"]
[BlackElo "1720"]
[PlyCount "124"]
[EventDate "2023.11.10"]
[EventType "swiss"]
[EventRounds "6"]
[EventCountry "CAN"]

1. d4 Nf6 2. Bf4 e6 3. Nf3 Be7 4. e3 d5 5. Bd3 Nbd7 6. Nbd2 c5 7. c3 O-O 8. O-O
Nh5 9. Be5 Nxe5 10. Nxe5 g6 11. f4 Ng7 12. Ng4 Nf5 13. Qe2 Qb6 14. Nf3 h5 15.
Bxf5 exf5 16. Nge5 Be6 17. Ng5 Rfe8 18. Nd3 Bd7 19. a4 cxd4 20. cxd4 Rad8 21.
Rfe1 f6 22. Nf3 Bd6 23. Qf2 Rc8 24. Nh4 Kh7 25. Qf3 Re4 26. Nf2 Rc2 27. Nxe4
fxe4 28. Qd1 Rxb2 29. Rb1 Bg4 30. Qc1 Rxb1 31. Qxb1 Bb4 32. Rf1 a5 33. g3 Be2
34. Rf2 Bd3 35. Qb2 Qc6 36. Qa1 b5 37. axb5 Qxb5 38. Qc1 Bc4 39. f5 g5 40. Ng6
Qa4 41. Nf8+ Bxf8 42. Qb1 Bb4 43. Kg2 Qa3 44. Qd1 Kh6 45. h4 gxh4 46. gxh4 Qxe3
47. Qa4 Bd6 48. Qc2 Qg3+ 49. Kh1 Qh3+ 50. Kg1 Bh2+ 51. Kh1 Bg3+ 52. Kg1 Bxf2+
53. Qxf2 Qg4+ 54. Kh2 Qe2 55. Qxe2 Bxe2 56. Kg2 a4 57. Kf2 Bg4 58. Ke1 a3 59.
Kd2 a2 60. Kc2 a1=Q 61. Kb3 Qxd4 62. Kc2 Bd1+ 0-1

[Event "Banff op U2000"]
[Site "Banff CAN"]
[Date "2023.11.10"]
[Round "1.29"]
[White "Moore, Pat"]
[Black "Sharpe, Michael"]
[Result "1-0"]
[WhiteElo "1704"]
[BlackElo "1488"]
[PlyCount "89"]
[EventDate "2023.11.10"]
[EventType "swiss"]
[EventRounds "6"]
[EventCountry "CAN"]

1. c4 e5 2. Nc3 Nc6 3. g3 Nf6 4. Bg2 Be7 5. e3 d6 6. Nge2 O-O 7. O-O Nb8 8. d4
c6 9. Qc2 Be6 10. b3 Qc8 11. Bb2 Bf5 12. e4 Bh3 13. f3 Bxg2 14. Kxg2 Ne8 15.
Nd1 f6 16. Ne3 g6 17. Rad1 Nd7 18. Qd2 Rf7 19. f4 exf4 20. Nxf4 Nf8 21. h3 Ne6
22. Ng4 Rf8 23. Rde1 Ng5 24. Qe2 Ng7 25. h4 Nf7 26. Nd3 Ne8 27. d5 Qd8 28. Nf4
Ng7 29. Nd3 Ne5 30. Nh6+ Kh8 31. Nf4 Nf7 32. Nxf7+ Rxf7 33. Qg4 Qc8 34. Qf3 Kg8
35. Qc3 Kf8 36. Rf2 Ke8 37. Ref1 Kd8 38. Nh3 h6 39. Qe3 h5 40. Bxf6 Bxf6 41.
Rxf6 Re7 42. Rf8+ Ne8 43. Qg5 Qd7 44. R1f7 Rc8 45. Nf4 1-0

[Event "Banff op U2000"]
[Site "Banff CAN"]
[Date "2023.11.10"]
[Round "1.30"]
[White "Wang, April"]
[Black "McKim, Chris"]
[Result "0-1"]
[WhiteElo "1435"]
[BlackElo "1677"]
[PlyCount "132"]
[EventDate "2023.11.10"]
[EventType "swiss"]
[EventRounds "6"]
[EventCountry "CAN"]

1. d4 e6 2. Bf4 Nf6 3. e3 a6 4. Nf3 b6 5. Bd3 Bb7 6. c3 Be7 7. Nbd2 c5 8. O-O
Nc6 9. h3 Rc8 10. Re1 cxd4 11. exd4 d5 12. Rc1 Na5 13. Ne5 O-O 14. Qe2 b5 15.
a3 Nc4 16. Ndf3 Ne4 17. Nxc4 bxc4 18. Bc2 Bd6 19. Bxd6 Nxd6 20. Ne5 g6 21. Qe3
Rc7 22. Qf4 f6 23. Ng4 Bc8 24. Qf3 Rb7 25. Rb1 Ne8 26. Ne3 Qd6 27. h4 Ng7 28.
g4 Kh8 29. h5 gxh5 30. gxh5 f5 31. h6 Ne8 32. Kh1 Rf6 33. Nxf5 Qf8 34. Qe3 Bd7
35. Ng3 Qxh6+ 36. Qxh6 Rxh6+ 37. Kg2 Nf6 38. Rh1 Rxh1 39. Rxh1 Rxb2 40. Bd1 Kg7
41. Nh5+ Nxh5 42. Rxh5 h6 43. Re5 Ra2 44. a4 Ra1 45. Bc2 Rc1 46. Re2 Kf6 47.
Kg3 a5 48. Kg4 e5+ 49. Kh4 exd4 50. cxd4 Ra1 51. Re5 Ra3 52. Re3 Rxe3 53. fxe3
Bf5 54. Bd1 c3 55. Kh5 c2 56. Bxc2 Bxc2 57. Kg4 Bxa4 58. Kf3 h5 59. e4 dxe4+
60. Kxe4 Bc6+ 61. Ke3 h4 62. Ke2 a4 63. Kd3 h3 64. Kc4 h2 65. d5 h1=Q 66. dxc6
Qxc6+ 0-1

[Event "Banff op U2000"]
[Site "Banff CAN"]
[Date "2023.11.10"]
[Round "1.31"]
[White "Moore, Kevin"]
[Black "Henderson, Neve"]
[Result "1-0"]
[WhiteElo "1673"]
[BlackElo "1399"]
[PlyCount "40"]
[EventDate "2023.11.10"]
[EventType "swiss"]
[EventRounds "6"]
[EventCountry "CAN"]

1. e4 e5 2. Nf3 Nc6 3. Bc4 Bc5 4. b4 Bxb4 5. c3 Ba5 6. d4 exd4 7. O-O Nge7 8.
Ng5 d5 9. exd5 Nxd5 10. Re1+ Be6 11. Nxe6 fxe6 12. Rxe6+ Nde7 13. Bb2 dxc3 14.
Nxc3 Qxd1+ 15. Rxd1 Kf8 16. g3 Rd8 17. Rxd8+ Nxd8 18. Re5 Ndc6 19. Re3 Bb4 20.
Ne4 Ne5 1-0

[Event "Banff op U2000"]
[Site "Banff CAN"]
[Date "2023.11.10"]
[Round "1.32"]
[White "McCallum, Elliot"]
[Black "Yu, Zongyan"]
[Result "1-0"]
[WhiteElo "1150"]
[BlackElo "1672"]
[PlyCount "97"]
[EventDate "2023.11.10"]
[EventType "swiss"]
[EventRounds "6"]
[EventCountry "CAN"]

1. e4 c6 2. d4 d5 3. e5 c5 4. dxc5 Nc6 5. f4 e6 6. Be3 d4 7. Bf2 Bxc5 8. Nf3
Nge7 9. Nbd2 Nd5 10. g3 a6 11. a3 b5 12. Nb3 Ba7 13. Nfxd4 Bb7 14. Bg2 Na5 15.
O-O Nc4 16. Qe2 Nxb2 17. f5 Qe7 18. fxe6 fxe6 19. Qg4 O-O 20. Qxe6+ Qxe6 21.
Nxe6 Rxf2 22. Rxf2 Bxf2+ 23. Kxf2 Re8 24. Nbc5 Ba8 25. Re1 Na4 26. Nxa4 Rxe6
27. Nc5 Re7 28. e6 Kf8 29. Rd1 Nc7 30. Bxa8 Nxa8 31. Rd8+ Re8 32. Nd7+ Ke7 33.
Rxe8+ Kxe8 34. Ke3 Nc7 35. Nc5 Ke7 36. Ke4 Kd6 37. Kd4 g6 38. c3 Kc6 39. e7 a5
40. Ne4 Kd7 41. Nf6+ Kxe7 42. Nd5+ Kd6 43. Nxc7 Kxc7 44. Kc5 b4 45. cxb4 axb4
46. axb4 h6 47. h3 g5 48. g4 Kb7 49. Kd6 1-0

[Event "Banff op U2000"]
[Site "Banff CAN"]
[Date "2023.11.10"]
[Round "2.22"]
[White "Moore, Pat"]
[Black "Zeggelaar, Mike"]
[Result "0-1"]
[WhiteElo "1704"]
[BlackElo "1846"]
[PlyCount "84"]
[EventDate "2023.11.10"]
[EventType "swiss"]
[EventRounds "6"]
[EventCountry "CAN"]

1. c4 Nf6 2. Nc3 e6 3. g3 d5 4. cxd5 exd5 5. d4 c6 6. Bg2 Bd6 7. Nf3 O-O 8. O-O
Nbd7 9. Qc2 Re8 10. Bg5 h6 11. Bd2 Ne4 12. Rae1 Ndf6 13. Bc1 Bf5 14. Qb3 Qd7
15. Nxe4 Nxe4 16. Nd2 Ng5 17. f4 Ne4 18. Nf3 a5 19. a3 a4 20. Qd1 Bh3 21. Ne5
Bxe5 22. fxe5 Bxg2 23. Kxg2 Re6 24. Qd3 f6 25. exf6 Rxf6 26. Rxf6 Nxf6 27. Qg6
Qf7 28. Qf5 Ne4 29. Rf1 Qxf5 30. Rxf5 Ra6 31. Kf3 Rb6 32. Rf4 Nd6 33. Kg4 Nc4
34. Kh5 Nxb2 35. Rg4 Kh7 36. Bd2 Nc4 37. Bb4 g5 38. e4 Rxb4 39. h4 Ne3 40. axb4
Nxg4 41. Kxg4 a3 42. e5 a2 0-1

[Event "Banff op U2000"]
[Site "Banff CAN"]
[Date "2023.11.10"]
[Round "2.25"]
[White "Daniluk, Jim"]
[Black "Pan, Jason"]
[Result "0-1"]
[WhiteElo "1775"]
[BlackElo "1641"]
[PlyCount "70"]
[EventDate "2023.11.10"]
[EventType "swiss"]
[EventRounds "6"]
[EventCountry "CAN"]

1. e4 c6 2. d4 d5 3. exd5 cxd5 4. c4 Nf6 5. Nc3 g6 6. Nf3 Bg7 7. cxd5 Nxd5 8.
Bc4 Nb6 9. Bb3 O-O 10. a4 Bg4 11. a5 N6d7 12. Bd5 Qc8 13. h3 Bxf3 14. Bxf3 a6
15. Nd5 Nc6 16. Be3 e6 17. Nc3 Qc7 18. Qa4 Rac8 19. O-O Nf6 20. Rac1 Qd7 21.
Rfd1 Rfd8 22. Qa3 Qd6 23. Qa4 Qd7 24. Kf1 h6 25. Ne4 Nd5 26. Nc5 Qc7 27. Bd2
Bxd4 28. Bxh6 Bxb2 29. Nxe6 fxe6 30. Qg4 Qf7 31. Be4 Nce7 32. Rxc8 Rxc8 33. Bg5
Nc3 34. Bxe7 Nxd1 35. Bh4 Ne3+ 0-1

[Event "Banff op U2000"]
[Site "Banff CAN"]
[Date "2023.11.10"]
[Round "2.28"]
[White "Yu, Zongyan"]
[Black "Tran, Tri"]
[Result "0-1"]
[WhiteElo "1672"]
[BlackElo "1594"]
[PlyCount "104"]
[EventDate "2023.11.10"]
[EventType "swiss"]
[EventRounds "6"]
[EventCountry "CAN"]

1. e4 c5 2. Nf3 d6 3. d4 cxd4 4. Nxd4 Nf6 5. Nc3 a6 6. a4 e5 7. Nb3 Be6 8. Be2
d5 9. exd5 Nxd5 10. O-O Nc6 11. Bf3 Nxc3 12. bxc3 Be7 13. Qe2 Qc7 14. Ba3 Bxa3
15. Rxa3 Ne7 16. Re1 f6 17. Qe3 Rc8 18. Nd2 O-O 19. Rb1 Bd5 20. c4 Bc6 21. Qb3
Rb8 22. Bd5+ Kh8 23. Ne4 b5 24. axb5 axb5 25. Qa2 bxc4 26. Bxc6 Qxc6 27. Re1
Ra8 28. Ra1 Rxa3 29. Qxa3 Qxe4 30. Qxe7 Ra8 31. Rd1 h6 32. Rc1 Qxc2 33. Rf1 c3
34. h4 Rb8 35. h5 Qd3 36. Qc7 Rb1 37. Rxb1 Qxb1+ 38. Kh2 Qd3 39. f3 c2 40. Qc8+
Kh7 41. Kh3 g6 42. Qe8 Qf5+ 43. Kh2 Qxh5+ 44. Kg3 Qg5+ 45. Kh3 Qf5+ 46. Kg3 h5
47. Qf7+ Kh6 48. Qf8+ Kg5 49. Qc5 Qf4+ 50. Kf2 c1=Q 51. Qf8 Qfe3+ 52. Kg3 h4+
0-1

[Event "Banff op U2000"]
[Site "Banff CAN"]
[Date "2023.11.10"]
[Round "2.30"]
[White "Hogg, Daniel"]
[Black "Sharpe, Michael"]
[Result "0-1"]
[WhiteElo "1573"]
[BlackElo "1488"]
[PlyCount "94"]
[EventDate "2023.11.10"]
[EventType "swiss"]
[EventRounds "6"]
[EventCountry "CAN"]

1. e4 c5 2. Nf3 d6 3. d4 cxd4 4. Nxd4 Nf6 5. Nc3 a6 6. Bg5 e6 7. f4 Be7 8. Qf3
Qc7 9. O-O-O Bd7 10. e5 dxe5 11. fxe5 Nd5 12. Bxe7 Nxe7 13. Bd3 Nbc6 14. Nxc6
Nxc6 15. Rhe1 Nxe5 16. Rxe5 Qxe5 17. Qxb7 Qf4+ 18. Kb1 Rb8 19. Qxa6 Qb4 20. Kc1
Qxb2+ 21. Kd2 Qb6 22. Qc4 Rc8 23. Qb3 Qa5 24. Bc4 O-O 25. Ke2 Qe5+ 26. Kf3 Bc6+
27. Kf2 Qc5+ 28. Kf1 Rb8 29. Na4 Qf5+ 30. Kg1 Rxb3 31. Bxb3 Bxa4 32. Bxa4 Qc5+
33. Kh1 g6 34. Bb3 Qf2 35. h3 Rc8 36. a4 Rc3 37. a5 Rg3 38. Rg1 Qf5 39. Ra1 Qf2
40. Rg1 Qd2 41. Kh2 Qd6 42. Kh1 Qa3 43. Kh2 Re3 44. Rd1 Qxa5 45. Rf1 Qe5+ 46.
Kh1 Re1 47. Kg1 Qe3+ 0-1

[Event "Banff op U2000"]
[Site "Banff CAN"]
[Date "2023.11.10"]
[Round "2.32"]
[White "Flavin, Finnegan"]
[Black "Wang, April"]
[Result "1-0"]
[WhiteElo "1550"]
[BlackElo "1435"]
[PlyCount "59"]
[EventDate "2023.11.10"]
[EventType "swiss"]
[EventRounds "6"]
[EventCountry "CAN"]

1. e4 c6 2. d4 d5 3. e5 Bf5 4. c4 e6 5. Nc3 Nd7 6. cxd5 cxd5 7. h4 h5 8. Nge2
Bb4 9. Ng3 Bg6 10. Be2 Be7 11. Bxh5 Bxh5 12. Nxh5 g6 13. Nf4 Rxh4 14. Rxh4 Bxh4
15. Be3 Ne7 16. g3 Bg5 17. Nxe6 fxe6 18. Bxg5 Qb6 19. Qd2 Nf5 20. O-O-O Nb8 21.
g4 Ne7 22. Rh1 Kd7 23. Bxe7 Kxe7 24. Rh7+ Kd8 25. Qg5+ Kc8 26. Qe7 Nc6 27. Qd7+
Kb8 28. Rh8+ Nd8 29. Rxd8+ Qxd8 30. Qxd8# 1-0

[Event "Banff op U2000"]
[Site "Banff CAN"]
[Date "2023.11.10"]
[Round "2.33"]
[White "Lee, Jeff"]
[Black "Mikusek, Jerry"]
[Result "1/2-1/2"]
[WhiteElo "1042"]
[BlackElo "1537"]
[PlyCount "93"]
[EventDate "2023.11.10"]
[EventType "swiss"]
[EventRounds "6"]
[EventCountry "CAN"]

1. d4 c6 2. Nf3 d5 3. e3 Bg4 4. h3 Bxf3 5. Qxf3 e6 6. c4 Bb4+ 7. Bd2 Qa5 8. a3
Bxd2+ 9. Nxd2 Nf6 10. b4 Qc7 11. g3 Nbd7 12. Qf4 e5 13. dxe5 Nh5 14. Qd4 Qxe5
15. Be2 Qxd4 16. exd4 Nhf6 17. c5 O-O 18. Bg4 Nxg4 19. hxg4 Rfe8+ 20. Kf1 Re7
21. Kg2 Rae8 22. Nf3 Re4 23. Rae1 h6 24. g5 hxg5 25. Rxe4 Rxe4 26. Re1 Rxe1 27.
Nxe1 g4 28. a4 b6 29. b5 Nb8 30. Nd3 Kf8 31. Ne5 cxb5 32. axb5 bxc5 33. dxc5
Ke7 34. c6 Kd6 35. Nxf7+ Kc7 36. Ne5 a6 37. Nxg4 d4 38. Ne5 a5 39. Nc4 Nxc6 40.
bxc6 Kxc6 41. Na3 Kc5 42. Kf3 Kb4 43. Nc2+ Kc3 44. Na3 Kb3 45. Nb5 Kc4 46. Na3+
Kb3 47. Nb5 1/2-1/2

[Event "Banff op U2000"]
[Site "Banff CAN"]
[Date "2023.11.11"]
[Round "3.21"]
[White "Pan, Jason"]
[Black "Gonzales, Joel"]
[Result "0-1"]
[WhiteElo "1641"]
[BlackElo "1905"]
[PlyCount "62"]
[EventDate "2023.11.10"]
[EventType "swiss"]
[EventRounds "6"]
[EventCountry "CAN"]

1. d4 e6 2. Nf3 c5 3. e3 d5 4. b3 Nc6 5. Bd3 Nf6 6. O-O Bd6 7. Bb2 b6 8. Nbd2
Qc7 9. dxc5 bxc5 10. Bxf6 gxf6 11. e4 d4 12. Nc4 Ke7 13. g3 h5 14. Nh4 Bb7 15.
f4 Rag8 16. Qf3 Nb4 17. a3 Nxd3 18. cxd3 f5 19. Nxd6 Qxd6 20. Qe2 fxe4 21. dxe4
Ba6 22. Qf2 Bxf1 23. e5 Qb6 24. Rxf1 Qxb3 25. f5 Qe3 26. fxe6 Qxf2+ 27. Rxf2
fxe6 28. Rf6 Rh7 29. Ng6+ Rxg6 30. Rxg6 Rf7 31. g4 d3 0-1

[Event "Banff op U2000"]
[Site "Banff CAN"]
[Date "2023.11.11"]
[Round "3.22"]
[White "Zeggelaar, Mike"]
[Black "McKim, Chris"]
[Result "1-0"]
[WhiteElo "1846"]
[BlackElo "1677"]
[PlyCount "71"]
[EventDate "2023.11.10"]
[EventType "swiss"]
[EventRounds "6"]
[EventCountry "CAN"]

1. e4 e6 2. d4 d5 3. exd5 exd5 4. Nf3 Nf6 5. Bd3 Be7 6. h3 O-O 7. Bf4 Bb4+ 8.
c3 Re8+ 9. Ne5 Bd6 10. O-O c5 11. Nd2 Nc6 12. Ndf3 cxd4 13. Nxc6 bxc6 14. Bxd6
Qxd6 15. Nxd4 Bd7 16. Nf5 Qf4 17. Ng3 Re7 18. Qc1 Qd6 19. Qd2 g6 20. Rfe1 Rae8
21. Rxe7 Qxe7 22. Kf1 Kg7 23. Re1 Qd8 24. Rxe8 Qxe8 25. Qe2 Qb8 26. Ke1 h5 27.
Kd1 Qd6 28. Kc1 Ne8 29. Qe3 c5 30. Qg5 Nf6 31. f4 c4 32. Bf5 Be8 33. Bxg6 Bd7
34. Bf5+ Kf8 35. Bxd7 Nxd7 36. Qd8+ 1-0

[Event "Banff op U2000"]
[Site "Banff CAN"]
[Date "2023.11.11"]
[Round "3.23"]
[White "McCallum, Elliot"]
[Black "Iomdina, Bella"]
[Result "0-1"]
[WhiteElo "1150"]
[BlackElo "1815"]
[Annotator ",hugh_brodie@hotmail."]
[PlyCount "125"]
[EventDate "2023.11.10"]
[EventType "swiss"]
[EventRounds "6"]
[EventCountry "CAN"]

1. e4 e6 2. d4 d5 3. e5 c5 4. c3 Nc6 5. Nf3 Qb6 6. Bd3 Nh6 7. dxc5 Bxc5 8. O-O
Bd7 9. h3 O-O-O 10. b4 Be7 11. Be3 Qc7 12. Re1 f6 13. Bf4 Nf7 14. exf6 Qxf4 15.
fxe7 Nxe7 16. Nbd2 e5 17. Bf1 g5 18. c4 g4 19. hxg4 Bxg4 20. Rc1 Kb8 21. cxd5
Ng5 22. Be2 Rxd5 23. Rc2 Rhd8 24. Qc1 Bf5 25. Rc4 Nxf3+ 26. Nxf3 Qxc1 27. Rexc1
Nc6 28. a3 a6 29. Ng5 Bd3 30. Bxd3 Rxd3 31. Nf7 Rf8 32. Ng5 Rg8 33. Nxh7 Rxa3
34. Nf6 Rg7 35. Rd1 Rb3 36. Nd7+ Ka7 37. g3 Re7 38. Nf6 Rxb4 39. Rc5 Rb2 40.
Re1 a5 41. Ng4 e4 42. Ne3 Rf7 43. Rf1 Ka6 44. Nc4 Rc2 45. Ra1 Ka7 46. Nd6 Rxc5
47. Nxf7 b5 48. Nd6 Re5 49. Rc1 Nd4 50. Kg2 a4 51. Re1 a3 52. Re3 b4 53. Nc4 a2
54. Re1 Rc5 55. Ne3 Nb3 56. g4 a1=Q 57. Rxa1+ Nxa1 58. Kg3 b3 59. Nd1 Rc1 60.
Nb2 Rc2 61. Nd1 Rd2 62. Nc3 Rd3+ 63. Kf4 {Black won in 78 moves.} 0-1

[Event "Banff op U2000"]
[Site "Banff CAN"]
[Date "2023.11.11"]
[Round "3.24"]
[White "Tran, Tri"]
[Black "Dunne, Eoin"]
[Result "1-0"]
[WhiteElo "1594"]
[BlackElo "1616"]
[PlyCount "84"]
[EventDate "2023.11.10"]
[EventType "swiss"]
[EventRounds "6"]
[EventCountry "CAN"]

1. d4 d5 2. c4 e6 3. Nf3 Nf6 4. g3 Nbd7 5. Bg2 Be7 6. O-O O-O 7. Nc3 b6 8. Ne5
Bb7 9. cxd5 exd5 10. Qb3 c6 11. Nd3 Bd6 12. Bf4 Bxf4 13. Nxf4 Re8 14. Bf3 Ne4
15. Rfd1 Ndf6 16. Qa3 Qd7 17. b4 a6 18. Qb3 Re7 19. a4 a5 20. bxa5 bxa5 21. Nd3
Qc8 22. Bxe4 Nxe4 23. Nxe4 Rxe4 24. Nc5 Re7 25. Rdc1 Qc7 26. Qxb7 Qxb7 27. Nxb7
Rxb7 28. Rxc6 Rd7 29. Rac1 Kf8 30. Rc8+ Rxc8 31. Rxc8+ Ke7 32. Rc5 Kd6 33. Rxa5
Kc6 34. Rc5+ Kb6 35. a5+ Ka6 36. Kg2 f5 37. h4 g6 38. Kf3 Rd6 39. e3 h6 40. Kf4
Re6 41. Rxd5 Re4+ 42. Kf3 Re6 1-0